000 00558nam a2200193Ia 4500
005 20250508160834.0
008 008 250505s9999 xx 000 0 eng d
037 _aTextual
040 _aFEDL
_beng
_cFEDL
041 _aeng
_2eng
084 _a155.4, SMI
_qFEDL
100 _aSmith Charles P. Ed.
_9769513
245 0 _aAchievement - related motives in children
260 _aNew York, USA
_bRussell Sage Foundation
_c1969
300 _avii,263p.
650 _aChild Psychology
942 _cTEXL
_h155.4, SMI
999 _c1366908
_d1366908